000 00699nam a2200253Ia 4500
003 OSt
005 20221005133612.0
006 a|||||r|||| 00| 0
007 ta
008 221004b |||||||| |||| 00| 0 hin d
024 _a107799
037 _cTextual
040 _aCRL
_cCRL
_bhin
041 _2hin
_ahin
082 _aO152,1(Delta25):g, L3
100 _aबागची
245 0 _aमध्ययुगीन काव्य
246 _aMadhyayugīn kāvya
260 _c1963
300 _a156पृ0
_ccm.
650 _aहिन्दी साहित्य
942 _hO152,1(Delta25):g, L3
_cTEXL
_2cc
999 _c1067321
_d1067321